000 01074cam a22002535a 4500
999 _c25700
_d25672
005 20190525110956.0
008 131120t2014 nyua fr 001 0 eng d
020 _a9781447162865
040 _aDLC
_beng
_cDLC
_dDLC
_dEG-ScBUE
_dEG-ScBUE
082 0 4 _a307.12
_bJAN
_222
100 1 _aJanic, Milan.
245 1 0 _aAdvanced transport systems :
_banalysis, modeling, and evaluation of performances /
_cMilan Janic.
260 _aLondon :
_bSpringer,
_cc.2014.
300 _axxi, 408 p. :
_bill. ;
_c24 cm.
504 _aIncludes bibliographical references and index.
650 7 _aTransportation
_xTechnological innovations.
_2BUEsh
650 7 _aTransportation
_xEngineering.
_2BUEsh
651 _2BUEsh
653 _bCOMSCI
_cDecember2017
856 4 2 _3Contributor biographical information
_uhttp://www.loc.gov/catdir/enhancements/fy1405/2013955907-b.html
856 4 2 _3Publisher description
_uhttp://www.loc.gov/catdir/enhancements/fy1405/2013955907-d.html
856 4 1 _3Table of contents only
_uhttp://www.loc.gov/catdir/enhancements/fy1405/2013955907-t.html
942 _2ddc